Employment, unemployment and demand shifts in local labor markets.

Analyzovanie efektov dopytu v rámci miestneho trhu práce a medzi jednotlivými trhmi na nezamestnanosť a zamestnanosť na týchto trhoch. Zmeny dopytu sa vypočítavajú z údajov o raste miezd na úrovni firmy a priemyslu ako celku. Odvodenie zamestnanosti a mzdového prispôsobenia od vývoja dopytu po praco...

Ausführliche Beschreibung

Gespeichert in:
Bibliographische Detailangaben
1. Verfasser: Holzer, H.J
Format: Buchkapitel
Sprache:Englisch
Schlagworte:
Tags: Tag hinzufügen
Keine Tags, Fügen Sie das erste Tag hinzu!

MARC

LEADER 00000naa a2200000 4500
001 r006962
005 20221213084520.9
041 0 |a eng 
044 |a US 
245 1 0 |a Employment, unemployment and demand shifts in local labor markets.  |c H.J. Holzer 
520 |a Analyzovanie efektov dopytu v rámci miestneho trhu práce a medzi jednotlivými trhmi na nezamestnanosť a zamestnanosť na týchto trhoch. Zmeny dopytu sa vypočítavajú z údajov o raste miezd na úrovni firmy a priemyslu ako celku. Odvodenie zamestnanosti a mzdového prispôsobenia od vývoja dopytu po pracovných silách. 
610 2 0 |a zamestnanosť 
610 2 0 |a nezamestnanosť 
610 2 0 |a trh práce 
610 2 0 |a dopyt 
610 2 0 |a mzdy 
610 2 0 |a sily pracovné 
100 1 |a Holzer, H.J.